Lois maritimes scandinaves: Suède, Danemark, Norvège

Saved in:
書目詳細資料
主要作者: Beauchet, Ludovic (Author)
格式: 圖書
語言:法语
出版: París Imprimiere Nationale 1895
主題:
標簽: 添加標簽
沒有標簽, 成為第一個標記此記錄!

MARC

LEADER 00000nam a2200000 a 4500
001 UCR3193
003 CL-VaPUC
008 980124e18950000FR |||||||||||||||||fre|d
082 0 4 |a 341.45  |b BEA  |2 21 
100 0 |a Beauchet, Ludovic  |e author  |9 402051 
245 1 0 |a Lois maritimes scandinaves: Suède, Danemark, Norvège 
300 |a 341 p 
942 |c BK 
945 |d 19980124 00:00:00  |a cmena 
260 |a París  |b Imprimiere Nationale  |c 1895 
650 0 |a Derecho marítimo  |9 255301 
650 0 |a Derecho comparado  |9 255664 
650 0 |a Derecho civil  |9 255013 
650 0 |a Derecho internacional  |9 255637 
650 0 |a Comercio marítimo  |9 352895 
650 0 |a Transporte marítimo  |9 260127 
650 7 |a SEGUROS MARITIMOS  |2 CL-VaPUC  |9 402052 
583 |a last modification  |c 19980124 00:00:00  |k Rodrigo Vera 
999 |c 266289  |d 266287 
952 |0 0  |1 0  |4 0  |6 341_450000000000000_BEA_1895  |7 0  |8 DER_HIS  |9 297724  |a BIBDER  |b BIBDER  |d 2019-11-20  |i 1940457  |l 1  |o 341.45 BEA 1895  |p 1940457  |r 2023-01-25  |s 2020-03-18  |w 2019-11-20  |x Ubicación 4to Piso  |y BK_X  |z Estos recursos deben solicitarse con anticipación  |k DER